| Поле | Инд. | ПП | Название | Значение |
|---|---|---|---|---|
| Тип записи | a | |||
| Библиографический уровень | b | |||
| 001 | Контрольный номер | RU/IS/BASE/268741346 | ||
| 005 | Дата корректировки | 20241226103715.5 | ||
| 008 | Кодируемые данные | 20080707 | ||
| 040 | b | Код языка каталог. | rus | |
| e | Правила каталог. | PSBO | ||
| 041 | 0_ | a | Код языка текста | rus |
| 084 | a | Индекс другой классификации/Индекс ББК | 81.411.2-55; 81.1 | |
| 100 | 1_ | a | Автор | У Баоянь |
| 245 | 10 | a | Заглавие | Коммуникативная комфортность как лингвистическое понятие |
| b | Продолж. заглавия | (на материале Интернет-дневников) | ||
| 504 | a | Библиография | Библиогр. - Примеч.: с. 100 | |
| 650 | 04 | a | Основная рубрика | лингвистика текста |
| a | Основная рубрика | прикладное языкознание | ||
| a | Основная рубрика | русский язык | ||
| a | Основная рубрика | стилистика | ||
| a | Основная рубрика | филологические науки | ||
| a | Основная рубрика | частное языкознание | ||
| a | Основная рубрика | языкознание | ||
| 653 | 1_ | a | Ключевые слова | вербальная коммуникация |
| a | Ключевые слова | виртуальное общение | ||
| a | Ключевые слова | Интернет | ||
| a | Ключевые слова | интернет-дневник | ||
| a | Ключевые слова | интернет-коммуникация | ||
| a | Ключевые слова | коммуникативная комфортность | ||
| a | Ключевые слова | коммуникативные стратегии | ||
| a | Ключевые слова | коммуникации | ||
| a | Ключевые слова | речевое общение | ||
| a | Ключевые слова | язык Интернета | ||
| 773 | 08 | t | Заглавие источника | Вестник Московского университета. Серия 9, Филология |
| d | Дата издания источника | 2007 | ||
| g | Прочая информация | № 6. - С. 93 - 100 | ||
| w | Контрольный № источника | RU/IS/BASE/261756589 | ||
| 901 | t | Тип документа | b |